00305nam a2200121Ia 4500008004100000041000800041082001700049100002000066245002400086260003500110300003100145365000700176240624s9999 xx 000 0 und d aeng a658.4034 PAN aPANNEERSELVAM R aOPERATIONS RESEARCH c2004aNew DelhibPrentice-Hall axiv, : 490 : p. : cm. ; 24 cRS